=LDR 00000nam 2200000 4500 =001 INLIS000000000027157 =005 20130612125543 =008 ***********************************Ind** =035 ##$$0010-061300000027157 =041 ##$$a Ind =082 ##$$a 351 =090 ##$$a 351, Wab a =100 ##$$a Wahab, Solihin Abdul =245 ##$$a Analisis kebijaksanaan dari formulasi ke implementasi kebijaksanaan negara, Solichin Abdul Wahab =260 ##$$a 2004 $b Jakarta =300 ##$$a xii, 123 hlm, 20 cm =650 ##$$a Kebijaksanaan Negara =850 ##$$a NBPNMAT